00786cam a22002412 4500001001300000003000400013005001700017007001500034008004100049010001700090040001900107050002200126100003400148245003600182246001600218260002200234300001600256490004300272500007000315530007200385650001900457856006800476tmp96004491 DLC20260227112754.0cr |||||||||||830107q19001983nyu 000 0 eng  atmp96004491  aDLCcCarPdDLC00aHQ763b.P3 no. 471 aSanger, Margaret,d1879-1966.04aThe fight for birth control ...36aWoman rebel a[New York,c19--] a[3] p.bcm.0 a[Pamphlets on birth control ;vno. 47] aCaption title: "The woman rebel" and the fight for birth control. aAlso available in digital form on the Library of Congress Web site. 0aBirth control.41drbcmiscfawh0004uhttp://hdl.loc.gov/loc.rbc/rbcmisc.awh0004qh